OGILVY ON ADVERTISING (Record no. 29316)
[ view plain ]
| 000 -LEADER | |
|---|---|
| fixed length control field | 00302nam a2200133Ia 4500 |
| 008 - FIXED-LENGTH DATA ELEMENTS--GENERAL INFORMATION | |
| fixed length control field | 240624s9999 xx 000 0 und d |
| 041 ## - LANGUAGE CODE | |
| Language code of text/sound track or separate title | eng |
| 082 ## - DEWEY DECIMAL CLASSIFICATION NUMBER | |
| Classification number | 659.1 OGI |
| 100 ## - MAIN ENTRY--PERSONAL NAME | |
| Personal name | OGILVY DAVID |
| 245 ## - TITLE STATEMENT | |
| Title | OGILVY ON ADVERTISING |
| 260 ## - PUBLICATION, DISTRIBUTION, ETC. | |
| Date of publication, distribution, etc. | 1985 |
| Place of publication, distribution, etc. | Group,1985 |
| 300 ## - PHYSICAL DESCRIPTION | |
| Extent | 224 , p. |
| 365 ## - TRADE PRICE | |
| Currency code | RS |
| Price amount | 30 |
| Withdrawn status | Lost status | Damaged status | Not for loan | Home library | Current library | Shelving location | Date acquired | Cost, normal purchase price | Full call number | Barcode | Date last seen | Copy number | Price effective from | Koha item type |
|---|---|---|---|---|---|---|---|---|---|---|---|---|---|---|
| Missing | IMTN | IMTN | Rack 35-B | 09/15/2017 | 1499.00 | 659.1 OGI | 29316 | 06/24/2024 | 1 | 06/24/2024 | Books |